| 000 | 00888nas a2200277 4500 | ||
|---|---|---|---|
| 001 | BR6008121 | ||
| 003 | BR-BrBNA | ||
| 005 | 20231205082049.0 | ||
| 007 | ta | ||
| 008 | 230509b bl.|||p| |||| 00| 00por d | ||
| 040 |
_aBR-BrBNA _bpor _cBiblioteca Nacional de Agricultura |
||
| 041 | _a(Pt) | ||
| 072 | _aL40; L70 | ||
| 100 | 1 | _aOrsi, A.M. | |
| 100 | 1 | _aSilva, P.P. e | |
| 100 | 1 | _aCampos, V.J. de M. | |
| 100 | 1 | _aSilva, Z. | |
| 245 | 1 | _aConsideracoes sobre os ramos viscerais da arteria pudenda interna do coelho (Oryctolagus cuniculus) | |
| 650 | _aANATOMIA ANIMAL | ||
| 650 | _aVETERINARIA | ||
| 650 | _aCOELHO | ||
| 650 | _aARTERIA | ||
| 773 | 0 |
_tRevista da Faculdade de Medicina Veterinaria e Zootecnia da Universidade de Sao Paulo (Brazil) _xISSN 0303-7525 _g(1976), v. 13(2) p. 459-463 _wBR6008121 |
|
| 909 |
_a202311 _bLúcia _c55 _dLúcia Elande |
||
| 942 |
_2AGRIS _n0 _cANA |
||
| 999 |
_c88921 _d88921 |
||